Statistics for Countries by National Anthem

Click here to take the quiz!

General Stats

  • This quiz has been taken 58,055 times
    (58,051 since last reset)
  • The average score is 10 of 18

Answer Stats

LyricCountry% Correct
God save our gracious King / Long live our noble KingUnited Kingdom
96%
O! say can you see by the dawn's early lightUnited States
94%
With glowing hearts we see thee rise / The True North strong and free!Canada
79%
Arise! All those who don't want to be slaves! / Let our flesh and blood forge our new Great Wall!China
72%
It echoes in the hills of the Vindhyas and Himalayas / Mingles in the music of Jamuna and GangesIndia
72%
From the bones arisen / of the Hellenes, the sacredGreece
64%
A prince of Orange / am I, free and fearlessThe Netherlands
62%
Beneath our radiant Southern Cross / We'll toil with hearts and handsAustralia
58%
And onward, towards the ends of the east / An eye still gazes toward ZionIsrael
58%
You are the seat of Peter, whose blood was shed in RomeVatican City
55%
This is the country of every tribe / The land of Balochs and Uzbeks / Pashtuns and Hazaras /
Turkmens and Tajiks
Afghanistan
52%
Pity, God, the Magyar, then / Long by waves of danger tossedHungary
51%
In Erin's cause, come woe or weal / 'Mid cannon's roar and rifles' peal / We'll chant a soldier's songIreland
51%
Souls and bodies we'll lay down, all for our freedom / And we'll show that we, brothers,
are of the Cossack nation!
Ukraine
44%
From the southern seas to the polar lands / Lie our forests and fieldsRussia
42%
Vile despots would have themselves / The masters of our destinies! / To arms, citizensFrance
39%
The gold star afluttering / Leading the people of our native land out of misery and sufferingVietnam
24%
And the saga night that sends / dreams to our earthNorway
23%

Score Distribution

Percentile by Number Answered

Percent of People with Each Score

Your Score History

You have not taken this quiz since the last reset